| 000 | 00800nam a22002537a 4500 | ||
|---|---|---|---|
| 001 | 3563 | ||
| 005 | 20240320135319.0 | ||
| 020 | _a0590338927 | ||
| 040 |
_aDLC _cCarP _dDLC _beng |
||
| 050 | _aPZ10.R3 | ||
| 082 | _a813.54 | ||
| 100 | 1 |
_aRey, H. A _q(Hans Augusto), _d1898-1977 |
|
| 245 | 1 | 0 | _aCurious George takes a job / |
| 260 |
_aNew York : _bScholastic , _c1947 |
||
| 300 |
_a47 pages : _bcolor illustrations ; _c24 cm . |
||
| 490 | _a Curious George (book 2) | ||
| 505 | _aN | ||
| 520 | _aA lively monkey escapes from a zoo and gets into spaghetti, paint, breaks a leg and in general leads a merry life. | ||
| 521 |
_a570
_bLexile |
||
| 521 |
_aN
_bRaz-Plus |
||
| 650 |
_amonkeys _vFiction |
||
| 906 |
_a0 _bcbc _cpremunv _du _encip _f19 _gy-gencatlg |
||
| 942 |
_2ddc _cBK _n0 |
||
| 999 |
_c3563 _d3563 |
||